Flagi reprezentacji w Mistrzostwach Świata 1950 - Statystyki

Ogólne statystyki
  • Ten quiz został rozwiązany 35 razy
  • Średni wynik to 12 z 13
Statystyki odpowiedzi
Obrazkowy Odpowiedź % Poprawnych
Anglia
100%
Brazylia
97%
Chile
97%
Hiszpania
97%
Meksyk
94%
Stany Zjednoczone
94%
Szwajcaria
94%
Szwecja
94%
Urugwaj
94%
Włochy
94%
Boliwia
91%
Jugosławia
91%
Paragwaj
91%
Nie znaleziono quizów pasujących do podanych kryteriów
Rozkład punktacji
Procent ludzi z każdym wynikiem
Percentyl według liczby udzielonych odpowiedzi
Twoja historia wyników
Nie rozwiązałeś tego quizu